000 00749nam a22002057a 4500
999 _c8335
_d8335
003 AR-CdUCM
008 190322b ||||| |||| 00| 0 spa d
040 _aMUNICIPALIDAD PROVINCIAL DEL CUSCO
_cBIBLIOTECA MUNICIPAL DEL CUSCO
082 _a551.46 /
_bC75
100 _aCoombs, Charles
_923395
245 _aEl mundo submarino /
260 _aBuenos Aires :
_bAcme,
_c1968.
300 _a189 paginas ;
_c20 cm.
505 _aContenido :Los dominios de las profundidades -- Exploración del fondo oceánico -- El mar y sus movimientos -- Los ríos del mar -- La cadena viviente ...
650 _aOceanografía
_923396
650 _aInvestigación
_91940
700 _aLafuente, Ricardo G. (traductor)
_923397
942 _2ddc
_cLIBROS
945 _arum